[Event "Tradewise Gibraltar Masters 16th"]
[Site "Gibraltar"]
[Date "2018.01.29"]
[Round "7.114"]
[White "Dev, Shah"]
[Black "Byron, Alan M"]
[Result "0-1"]
[WhiteElo "1977"]
[BlackElo "2099"]
[PlyCount "92"]
[EventDate "2018.01.23"]
[EventType "swiss"]
[EventRounds "10"]
[EventCountry "GGB"]
[SourceTitle "BritBase"]
[Source "www.saund.co.uk"]
[SourceDate "2018.02.10"]
[SourceVersion "1"]
[SourceVersionDate "2018.02.10"]
[SourceQuality "1"]

1. d4 e6 2. Bf4 Nf6 3. e3 c5 4. c3 cxd4 5. exd4 b6 6. Nd2 Be7 7. h3 O-O 8. Ngf3
Bb7 9. Bd3 d6 10. O-O Re8 11. Qe2 Nbd7 12. Ne4 Nxe4 13. Bxe4 Bxe4 14. Qxe4 Qc7
15. Rfe1 Rab8 16. a4 h6 17. Qc2 Rec8 18. Rec1 a6 19. Qe2 b5 20. axb5 axb5 21.
b3 Qb7 22. c4 Ra8 23. Nd2 Rxa1 24. Rxa1 Nb6 25. Ra5 bxc4 26. bxc4 Qc7 27. Ra3
Qc6 28. d5 Qd7 29. Rg3 exd5 30. Bxh6 g6 31. Qd3 Kh7 32. Qd4 Kxh6 33. Qxb6 dxc4
34. Qe3+ Kg7 35. Ne4 Qe6 36. Rf3 Qe5 37. Nc3 Qxe3 38. fxe3 Bf6 39. e4 Rb8 40.
Nd5 Bd4+ 41. Kf1 Rb1+ 42. Ke2 Rb2+ 43. Kf1 Rc2 44. g4 Rb2 45. Rg3 Rb3 46. Kg2
c3 0-1

[Event "Tradewise Gibraltar Masters 16th"]
[Site "Gibraltar"]
[Date "2018.01.29"]
[Round "7.115"]
[White "Cramling Bellon, Anna"]
[Black "Bolt, Graham"]
[Result "1-0"]
[WhiteElo "1978"]
[BlackElo "2094"]
[PlyCount "51"]
[EventDate "2018.01.23"]
[EventType "swiss"]
[EventRounds "10"]
[EventCountry "GGB"]
[SourceTitle "BritBase"]
[Source "www.saund.co.uk"]
[SourceDate "2018.02.10"]
[SourceVersion "1"]
[SourceVersionDate "2018.02.10"]
[SourceQuality "1"]

1. d4 g6 2. c4 Bg7 3. Nc3 d6 4. e4 e5 5. d5 Nd7 6. g3 h5 7. h4 Bh6 8. Nh3 a5 9.
Ng5 Nc5 10. Be2 Nf6 11. f3 Bd7 12. Be3 Ng8 13. f4 Bg7 14. f5 Qe7 15. Bxc5 dxc5
16. Qb3 b6 17. Nb5 Rc8 18. Rd1 Bxb5 19. Qxb5+ Kf8 20. fxg6 fxg6 21. Qc6 Qd6 22.
Qb7 Ne7 23. O-O+ Bf6 24. Rxf6+ Qxf6 25. Rf1 Qxf1+ 26. Bxf1 1-0

[Event "Tradewise Gibraltar Masters 16th"]
[Site "Gibraltar"]
[Date "2018.01.29"]
[Round "7.116"]
[White "Compton, Alistair"]
[Black "Bozinovic, Boban"]
[Result "0-1"]
[WhiteElo "2082"]
[BlackElo "1972"]
[PlyCount "73"]
[EventDate "2018.01.23"]
[EventType "swiss"]
[EventRounds "10"]
[EventCountry "GGB"]
[SourceTitle "BritBase"]
[Source "www.saund.co.uk"]
[SourceDate "2018.02.10"]
[SourceVersion "1"]
[SourceVersionDate "2018.02.10"]
[SourceQuality "1"]

1. e4 c5 2. c3 Nf6 3. e5 Nd5 4. Nf3 e6 5. d4 cxd4 6. cxd4 d6 7. a3 Nd7 8. Bd3
b6 9. O-O Bb7 10. Qe2 Rc8 11. Bd2 Be7 12. b4 dxe5 13. dxe5 Qc7 14. Ra2 O-O 15.
h4 Rfe8 16. Re1 f5 17. Nd4 Nf8 18. h5 Red8 19. Nf3 Qd7 20. Bb5 Bc6 21. Bc4 b5
22. Bb3 a6 23. Rc2 Bb7 24. Rec1 Rxc2 25. Rxc2 Rc8 26. Nc3 Nb6 27. Bg5 Bxg5 28.
Nxg5 Nc4 29. Bxc4 Rxc4 30. f3 h6 31. Nh3 Qd4+ 32. Qf2 Qd3 33. Rd2 Qxc3 34. Rd8
Qa1+ 35. Kh2 Qxe5+ 36. f4 Qc7 37. Qc2 0-1

[Event "Tradewise Gibraltar Masters 16th"]
[Site "Gibraltar"]
[Date "2018.01.29"]
[Round "7.117"]
[White "Dasaolu, Rotimi"]
[Black "Odeh, Kenneth"]
[Result "1-0"]
[WhiteElo "2064"]
[BlackElo "1922"]
[PlyCount "129"]
[EventDate "2018.01.23"]
[EventType "swiss"]
[EventRounds "10"]
[EventCountry "GGB"]
[SourceTitle "BritBase"]
[Source "www.saund.co.uk"]
[SourceDate "2018.02.10"]
[SourceVersion "1"]
[SourceVersionDate "2018.02.10"]
[SourceQuality "1"]

1. g3 Nf6 2. Bg2 d5 3. d3 c6 4. Nd2 g6 5. Ngf3 Bg7 6. O-O O-O 7. e4 Bg4 8. h3
dxe4 9. hxg4 exf3 10. Bxf3 Nbd7 11. Qe2 Re8 12. g5 Nd5 13. Bg2 Nf8 14. Ne4 Ne6
15. c3 a5 16. d4 a4 17. a3 Qc7 18. Bh3 Nf8 19. f4 b6 20. c4 e6 21. Qf2 Ne7 22.
Nf6+ Kh8 23. Nxe8 Rxe8 24. Bd2 b5 25. Rac1 Rd8 26. cxb5 Qb6 27. Bc3 Qxb5 28.
Rfd1 Nd5 29. Kh2 Nd7 30. Bf1 Qb6 31. Bc4 Nxc3 32. bxc3 Qa5 33. Bf1 Bf8 34. Qc2
h6 35. gxh6 Bxh6 36. Qe4 Bg7 37. Be2 Rc8 38. Kg2 Kg8 39. g4 Nf6 40. Qf3 Qc7 41.
c4 Rb8 42. Qe3 Rb2 43. Kh3 Bf8 44. g5 Ne8 45. c5 Qb8 46. Kg4 Nc7 47. Bc4 Nd5
48. Bxd5 exd5 49. Rd2 Rb3 50. Rc3 Rb1 51. Kg3 Ra1 52. Rdc2 Rb1 53. Re2 Rd1 54.
Rd3 Rb1 55. Qf2 Qb5 56. Rde3 Qc4 57. Re8 Rb3+ 58. Kg4 Rxa3 59. Qh2 Qxd4 60.
R2e5 Qxc5 61. Rd8 Ra1 62. Ree8 f5+ 63. gxf6 Rg1+ 64. Kh4 g5+ 65. Kh5 1-0

[Event "Tradewise Gibraltar Masters 16th"]
[Site "Gibraltar"]
[Date "2018.01.29"]
[Round "7.118"]
[White "Edvardsen, Ragnar"]
[Black "Wilson, Matthew R"]
[Result "0-1"]
[WhiteElo "1968"]
[BlackElo "1782"]
[PlyCount "102"]
[EventDate "2018.01.23"]
[EventType "swiss"]
[EventRounds "10"]
[EventCountry "GGB"]
[SourceTitle "BritBase"]
[Source "www.saund.co.uk"]
[SourceDate "2018.02.10"]
[SourceVersion "1"]
[SourceVersionDate "2018.02.10"]
[SourceQuality "1"]

1. e4 c5 2. Nf3 e6 3. d4 cxd4 4. Nxd4 a6 5. Nc3 Qc7 6. Bd3 Nf6 7. O-O b5 8. Be3
Bb7 9. a3 d6 10. Qe2 Nbd7 11. f4 Be7 12. Kh1 O-O 13. Rae1 Nb6 14. Bg1 h6 15. h3
Nc4 16. Ndxb5 axb5 17. Nxb5 Qd7 18. Bxc4 Nxe4 19. Bf2 Bf6 20. c3 Qc6 21. Qxe4
Qxe4 22. Rxe4 Bxe4 23. Nxd6 Bc6 24. Bb6 Rab8 25. Bc5 Rxb2 26. Rf2 Rxf2 27. Bxf2
Bxc3 28. Kg1 Ra8 29. Bc5 Bb2 30. f5 Bd5 31. fxe6 fxe6 32. Kf2 Bxa3 33. Bxa3
Rxa3 34. Nb5 Ra5 35. Bxd5 exd5 36. Nd4 Kf7 37. h4 Ra4 38. Ke3 Rxd4 39. Kxd4 Ke6
40. h5 Kd6 41. Kd3 Ke5 42. Ke3 d4+ 43. Kd3 Kd5 44. Kd2 Ke4 45. Ke2 d3+ 46. Kd2
Kd4 47. Kd1 Ke3 48. Ke1 d2+ 49. Kd1 Kd3 50. g3 Ke3 51. g4 Kf4 0-1

[Event "Tradewise Gibraltar Masters 16th"]
[Site "Gibraltar"]
[Date "2018.01.29"]
[Round "7.119"]
[White "Arroyo Rodriguez, Jesus"]
[Black "Gillis Onieva, Celia"]
[Result "1-0"]
[WhiteElo "2057"]
[BlackElo "1848"]
[PlyCount "25"]
[EventDate "2018.01.23"]
[EventType "swiss"]
[EventRounds "10"]
[EventCountry "GGB"]
[SourceTitle "BritBase"]
[Source "www.saund.co.uk"]
[SourceDate "2018.02.10"]
[SourceVersion "1"]
[SourceVersionDate "2018.02.10"]
[SourceQuality "1"]

1. d4 Nf6 2. Nd2 d5 3. e3 e6 4. Bd3 c5 5. c3 Nc6 6. f4 Bd6 7. Ngf3 Bd7 8. Ne5
Rb8 9. O-O O-O 10. g4 Ne8 11. g5 Ne7 12. Rf3 Bc6 13. Bxh7+ 1-0

[Event "Tradewise Gibraltar Masters 16th"]
[Site "Gibraltar"]
[Date "2018.01.29"]
[Round "7.121"]
[White "Van De Groep, William"]
[Black "Kozarcanin, Sead"]
[Result "1-0"]
[WhiteElo "1972"]
[BlackElo "2048"]
[PlyCount "95"]
[EventDate "2018.01.23"]
[EventType "swiss"]
[EventRounds "10"]
[EventCountry "GGB"]
[SourceTitle "BritBase"]
[Source "www.saund.co.uk"]
[SourceDate "2018.02.10"]
[SourceVersion "1"]
[SourceVersionDate "2018.02.10"]
[SourceQuality "1"]

1. d4 d5 2. Bf4 Nf6 3. e3 Bf5 4. Nf3 e6 5. c4 c6 6. Nc3 Bd6 7. Bg3 Bxg3 8. hxg3
Nbd7 9. Nh4 Qa5 10. Nxf5 exf5 11. Qb3 Ne4 12. cxd5 Nxc3 13. bxc3 cxd5 14. Bb5
O-O-O 15. O-O Nb6 16. Rab1 Kb8 17. c4 dxc4 18. Bxc4 f6 19. Rfc1 Rc8 20. Be6
Rxc1+ 21. Rxc1 a6 22. Kh2 h5 23. Rc5 Qe1 24. Qxb6 h4 25. Bd5 hxg3+ 26. Kxg3 f4+
27. exf4 Qe7 28. Qe6 Qd8 29. Qf7 Qb6 30. Rc3 Rc8 31. Rb3 Rc7 32. Rxb6 Rxf7 33.
Bxf7 g5 34. d5 gxf4+ 35. Kxf4 Kc7 36. Rxf6 b5 37. Rxa6 b4 38. Ke5 b3 39. axb3
Kb7 40. Rh6 Kc7 41. d6+ Kc6 42. Bd5+ Kb5 43. d7 Kb4 44. d8=Q Kc3 45. Be4 Kb2
46. Qd3 Ka3 47. Qc3 Ka2 48. Ra6# 1-0

[Event "Tradewise Gibraltar Masters 16th"]
[Site "Gibraltar"]
[Date "2018.01.29"]
[Round "7.122"]
[White "Hewson, Brian W R"]
[Black "Mayank, Pal"]
[Result "1/2-1/2"]
[WhiteElo "2024"]
[BlackElo "1834"]
[PlyCount "82"]
[EventDate "2018.01.23"]
[EventType "swiss"]
[EventRounds "10"]
[EventCountry "GGB"]
[SourceTitle "BritBase"]
[Source "www.saund.co.uk"]
[SourceDate "2018.02.10"]
[SourceVersion "1"]
[SourceVersionDate "2018.02.10"]
[SourceQuality "1"]

1. c4 e5 2. g3 c6 3. d4 e4 4. Nc3 d5 5. cxd5 cxd5 6. Qb3 Nc6 7. Qxd5 Qxd5 8.
Nxd5 Nxd4 9. Nc7+ Kd8 10. Nxa8 Nc2+ 11. Kd1 Nxa1 12. Bf4 Be6 13. b3 Nxb3 14.
axb3 Bxb3+ 15. Kc1 Ba3+ 16. Kb1 Nf6 17. Nc7 a6 18. e3 Nh5 19. Be5 Nf6 20. Nh3
Nd7 21. Bxg7 Rg8 22. Bb2 Bd6 23. Nb5 axb5 24. Bxb5 Ke7 25. Rc1 Nb6 26. Rc3 Be6
27. Nf4 Nd5 28. Nxd5+ Bxd5 29. Bc4 Bc6 30. Rc2 Rc8 31. Bb3 Rd8 32. Rd2 Rd7 33.
Kc2 Bb5 34. Bc3 Bd3+ 35. Kb2 Rd8 36. Bc2 Bxc2 37. Rxc2 Ke6 38. Bd4 Be5 39. Bxe5
Kxe5 40. Kc1 Ke6 41. Rb2 Rd7 1/2-1/2

[Event "Tradewise Gibraltar Masters 16th"]
[Site "Gibraltar"]
[Date "2018.01.29"]
[Round "7.123"]
[White "Chibnall, Alana"]
[Black "Hamer, Martyn"]
[Result "1/2-1/2"]
[WhiteElo "1906"]
[BlackElo "2020"]
[PlyCount "65"]
[EventDate "2018.01.23"]
[EventType "swiss"]
[EventRounds "10"]
[EventCountry "GGB"]
[SourceTitle "BritBase"]
[Source "www.saund.co.uk"]
[SourceDate "2018.02.10"]
[SourceVersion "1"]
[SourceVersionDate "2018.02.10"]
[SourceQuality "1"]

1. e4 e6 2. d3 d5 3. Qe2 Be7 4. Nf3 c5 5. g3 Nc6 6. Bg2 Nf6 7. O-O b5 8. e5 Nd7
9. h4 Bb7 10. Bf4 h6 11. h5 Qb6 12. Nbd2 O-O-O 13. c4 dxc4 14. dxc4 b4 15. Ne4
Nf8 16. Rfd1 Rxd1+ 17. Rxd1 g5 18. hxg6 Nxg6 19. Nd6+ Bxd6 20. exd6 Nxf4 21.
gxf4 Rg8 22. d7+ Kd8 23. Ne1 Nd4 24. Qh5 Ke7 25. Kf1 Bxg2+ 26. Nxg2 Qc6 27. Ne3
Rd8 28. Ng4 f6 29. Qh4 Kxd7 30. Nxf6+ Kc8 31. Qxh6 Kb7 32. Qh7+ Kb6 33. Qe4
1/2-1/2

[Event "Tradewise Gibraltar Masters 16th"]
[Site "Gibraltar"]
[Date "2018.01.29"]
[Round "7.124"]
[White "Helin, Mikael"]
[Black "Adewole, Adeyinka"]
[Result "0-1"]
[WhiteElo "1962"]
[BlackElo "2001"]
[PlyCount "62"]
[EventDate "2018.01.23"]
[EventType "swiss"]
[EventRounds "10"]
[EventCountry "GGB"]
[SourceTitle "BritBase"]
[Source "www.saund.co.uk"]
[SourceDate "2018.02.10"]
[SourceVersion "1"]
[SourceVersionDate "2018.02.10"]
[SourceQuality "1"]

1. e4 d6 2. Nc3 g6 3. g3 Bg7 4. Bg2 c5 5. a3 Nc6 6. Rb1 e5 7. d3 h6 8. h3 Nge7
9. b4 O-O 10. Be3 b6 11. Qd2 Kh7 12. f4 Rb8 13. f5 gxf5 14. exf5 Bxf5 15. Nd5
Nxd5 16. Bxd5 Ne7 17. c4 Nxd5 18. cxd5 c4 19. Ne2 Bxd3 20. Rc1 f5 21. O-O Qd7
22. Kh2 Rf6 23. Rf3 Rbf8 24. Nc3 Rg6 25. Bf2 e4 26. Rf4 Be5 27. Be3 Qg7 28. Ne2
Bxe2 29. Qxe2 Rxg3 30. Rc2 Rg8 31. Qf2 Rxe3 0-1

[Event "Tradewise Gibraltar Masters 16th"]
[Site "Gibraltar"]
[Date "2018.01.29"]
[Round "7.125"]
[White "Ansari, Athar"]
[Black "Klementys, Jerzy"]
[Result "0-1"]
[WhiteElo "1919"]
[BlackElo "1739"]
[PlyCount "129"]
[EventDate "2018.01.23"]
[EventType "swiss"]
[EventRounds "10"]
[EventCountry "GGB"]
[SourceTitle "BritBase"]
[Source "www.saund.co.uk"]
[SourceDate "2018.02.10"]
[SourceVersion "1"]
[SourceVersionDate "2018.02.10"]
[SourceQuality "1"]

1. e4 c5 2. c3 d5 3. Nf3 dxe4 4. Qa4+ Nc6 5. Qxe4 Nf6 6. Qh4 Bf5 7. Bb5 Qc7 8.
d4 a6 9. Bxc6+ Qxc6 10. dxc5 Qxc5 11. Na3 Bd3 12. Be3 Qc6 13. O-O-O Bg6 14. Ne5
Qe4 15. Nxg6 fxg6 16. Qg3 e5 17. Rhe1 Bxa3 18. bxa3 Nh5 19. Qh3 Qf5 20. Bd4 O-O
21. Qxf5 gxf5 22. Rxe5 Nf4 23. Re7 Rf7 24. Rxf7 Kxf7 25. Be3 Nxg2 26. Rd7+ Ke6
27. Rxg7 Nxe3 28. fxe3 b5 29. Rxh7 Kd5 30. Rh4 Rg8 31. Kc2 a5 32. a4 bxa4 33.
Rxa4 Rg2+ 34. Kd3 Rxh2 35. Rxa5+ Ke6 36. a4 Rh1 37. Ra8 Kd5 38. a5 Rd1+ 39. Ke2
Ra1 40. a6 Kc6 41. Rf8 Kb6 42. Rf6+ Ka7 43. Kd3 Rd1+ 44. Kc4 Re1 45. Kd4 Rd1+
46. Kc4 Re1 47. Rxf5 Rxe3 48. Rf6 Re1 49. Kc5 Rc1 50. c4 Rb1 51. Rc6 Rd1 52.
Rd6 Rb1 53. Kd5 Rh1 54. c5 Rg1 55. Kc6 Kxa6 56. Kd7+ Ka7 57. c6 Rg7+ 58. Kc8
Rg8+ 59. Rd8 Rg6 60. c7 Rg7 61. Rd2 Rg8+ 62. Kd7 Rg7+ 63. Kc6 Rg6+ 64. Rd6 Rg1
65. c8=Q 0-1

[Event "Tradewise Gibraltar Masters 16th"]
[Site "Gibraltar"]
[Date "2018.01.29"]
[Round "7.127"]
[White "Bullock, Lee"]
[Black "Gravett, Alan D"]
[Result "0-1"]
[WhiteElo "1572"]
[BlackElo "1825"]
[PlyCount "62"]
[EventDate "2018.01.23"]
[EventType "swiss"]
[EventRounds "10"]
[EventCountry "GGB"]
[SourceTitle "BritBase"]
[Source "www.saund.co.uk"]
[SourceDate "2018.02.10"]
[SourceVersion "1"]
[SourceVersionDate "2018.02.10"]
[SourceQuality "1"]

1. d4 Nf6 2. Bf4 d6 3. e3 g6 4. Bd3 Bg7 5. Nf3 O-O 6. c3 b6 7. Nbd2 Bb7 8. Qc2
c5 9. h4 cxd4 10. exd4 Nh5 11. Bg5 Qd7 12. Rg1 Nc6 13. g4 Nf6 14. h5 Rac8 15.
a3 e5 16. Bxf6 Bxf6 17. hxg6 fxg6 18. Ne4 Bg7 19. Nfg5 exd4 20. Nxh7 dxc3 21.
Nxf8 Kxf8 22. Nxc3 Nd4 23. Qd1 Nf3+ 24. Kf1 Nxg1 25. Kxg1 Bxc3 26. bxc3 Rxc3
27. f3 Qg7 28. Bb5 Qe5 29. Ra2 Bxf3 30. Rf2 Qg3+ 31. Kf1 Qxf2+ 0-1

[Event "Tradewise Gibraltar Masters 16th"]
[Site "Gibraltar"]
[Date "2018.01.30"]
[Round "8.2"]
[White "Rapport, Richard"]
[Black "Howell, David W L"]
[Result "1-0"]
[WhiteElo "2700"]
[BlackElo "2682"]
[PlyCount "97"]
[EventDate "2018.01.23"]
[EventType "swiss"]
[EventRounds "10"]
[EventCountry "GGB"]
[SourceTitle "BritBase"]
[Source "www.saund.co.uk"]
[SourceDate "2018.02.10"]
[SourceVersion "1"]
[SourceVersionDate "2018.02.10"]
[SourceQuality "1"]

1. d4 Nf6 2. c4 g6 3. Nf3 Bg7 4. g3 c6 5. Nc3 d5 6. Qb3 O-O 7. Bg2 Qb6 8. O-O
Rd8 9. Bd2 Be6 10. Na4 Qxb3 11. axb3 Na6 12. Rfc1 Ne4 13. Ba5 Rdc8 14. e3 g5
15. Nd2 Nxd2 16. Bxd2 g4 17. Bf1 dxc4 18. bxc4 c5 19. Bg2 Rab8 20. d5 Bd7 21.
Bc3 Bxa4 22. Rxa4 Rd8 23. h3 gxh3 24. Bxh3 Rd6 25. e4 Bxc3 26. Rxc3 Rb6 27. b3
e5 28. Rf3 Kg7 29. Ra5 h6 30. Bd7 Rd6 31. Bb5 Nc7 32. Ba4 Na6 33. Rf5 f6 34. f4
exf4 35. gxf4 Kg6 36. b4 Nxb4 37. Bd1 Na6 38. Bh5+ Kh7 39. e5 Rb6 40. Rb5 Rg8+
41. Kf2 Rxb5 42. cxb5 Nc7 43. d6 Nxb5 44. Rxf6 Rd8 45. Rf7+ Kg8 46. Rxb7 a6 47.
Rb6 c4 48. Rxa6 c3 49. Rc6 1-0

[Event "Tradewise Gibraltar Masters 16th"]
[Site "Gibraltar"]
[Date "2018.01.30"]
[Round "8.3"]
[White "Oparin, Grigoriy"]
[Black "Aronian, Levon"]
[Result "1/2-1/2"]
[WhiteElo "2607"]
[BlackElo "2797"]
[PlyCount "36"]
[EventDate "2018.01.23"]
[EventType "swiss"]
[EventRounds "10"]
[EventCountry "GGB"]
[SourceTitle "BritBase"]
[Source "www.saund.co.uk"]
[SourceDate "2018.02.10"]
[SourceVersion "1"]
[SourceVersionDate "2018.02.10"]
[SourceQuality "1"]

1. e4 e5 2. Nf3 Nc6 3. Bb5 Nf6 4. d3 Bc5 5. Nbd2 O-O 6. Bxc6 bxc6 7. Nxe5 Re8
8. Nef3 d5 9. O-O Bg4 10. h3 Bh5 11. e5 Rxe5 12. g4 Nxg4 13. Nxe5 Qh4 14. hxg4
Qg3+ 15. Kh1 Qh3+ 16. Kg1 Qg3+ 17. Kh1 Qh3+ 18. Kg1 Qg3+ 1/2-1/2

[Event "Tradewise Gibraltar Masters 16th"]
[Site "Gibraltar"]
[Date "2018.01.30"]
[Round "8.4"]
[White "Vachier-Lagrave, Maxime"]
[Black "Moussard, Jules"]
[Result "1-0"]
[WhiteElo "2793"]
[BlackElo "2571"]
[PlyCount "129"]
[EventDate "2018.01.23"]
[EventType "swiss"]
[EventRounds "10"]
[EventCountry "GGB"]
[SourceTitle "BritBase"]
[Source "www.saund.co.uk"]
[SourceDate "2018.02.10"]
[SourceVersion "1"]
[SourceVersionDate "2018.02.10"]
[SourceQuality "1"]

1. e4 e5 2. Nf3 Nf6 3. Nxe5 d6 4. Nf3 Nxe4 5. d3 Nf6 6. d4 d5 7. Bd3 Bd6 8.
Qe2+ Be6 9. c4 dxc4 10. Bxc4 Qe7 11. O-O O-O 12. Nc3 h6 13. Re1 Re8 14. d5 Bg4
15. Qxe7 Bxe7 16. Nb5 Na6 17. Bf4 Bb4 18. Rec1 Bxf3 19. gxf3 Ba5 20. Bb3 Re7
21. d6 cxd6 22. Nxd6 Rd8 23. Rc8 Rxc8 24. Nxc8 Re2 25. Kf1 Re8 26. Nxa7 Nc5 27.
Bc4 Rd8 28. Nb5 Nd3 29. Bxd3 Rxd3 30. Ke2 Rd5 31. a4 Nd7 32. Rb1 Bb4 33. Rd1
Rxd1 34. Kxd1 Kf8 35. Kc2 Ke7 36. Kd3 g5 37. Bc7 Ke6 38. Kc4 Be1 39. Nd4+ Kf6
40. Bg3 Ne5+ 41. Kb5 Nd3 42. Nc2 Bd2 43. b4 Ke6 44. Kb6 Nb2 45. a5 Nc4+ 46.
Kxb7 Bxb4 47. Nxb4 Nxa5+ 48. Kb6 Nb3 49. Nc2 h5 50. Kc6 h4 51. Bc7 h3 52. Bb6
Nd2 53. Nd4+ Ke5 54. Kc5 f5 55. Bc7+ Kf6 56. f4 Ne4+ 57. Kd5 Nxf2 58. Bd8+ Kg6
59. Bxg5 Ng4 60. Nf3 Kh5 61. Kd4 Nf2 62. Bh4 Ne4 63. Ke3 Nc3 64. Bg3 Ne4 65.
Be1 1-0

[Event "Tradewise Gibraltar Masters 16th"]
[Site "Gibraltar"]
[Date "2018.01.30"]
[Round "8.5"]
[White "Dubov, Daniil"]
[Black "Antipov, Mikhail Al"]
[Result "1-0"]
[WhiteElo "2694"]
[BlackElo "2588"]
[PlyCount "81"]
[EventDate "2018.01.23"]
[EventType "swiss"]
[EventRounds "10"]
[EventCountry "GGB"]
[SourceTitle "BritBase"]
[Source "www.saund.co.uk"]
[SourceDate "2018.02.10"]
[SourceVersion "1"]
[SourceVersionDate "2018.02.10"]
[SourceQuality "1"]

1. c4 c6 2. Nf3 d5 3. d4 Nf6 4. Nc3 a6 5. c5 g6 6. g3 Bg7 7. Bg2 O-O 8. O-O Bg4
9. Ne5 Bf5 10. h3 Nfd7 11. f4 b6 12. cxb6 Qxb6 13. Kh2 Be6 14. b3 f6 15. Nxd7
Nxd7 16. Ba3 Rfe8 17. Na4 Qb7 18. Rc1 Rac8 19. e3 Bf7 20. Qf3 Kh8 21. h4 Be6
22. g4 Bg8 23. Bb2 e5 24. dxe5 fxe5 25. g5 Be6 26. h5 exf4 27. Bxg7+ Kxg7 28.
h6+ Kg8 29. Qxf4 Bf5 30. Kh1 Qb8 31. Qd4 Qe5 32. Nc5 Nb8 33. Rce1 Rc7 34. Qxe5
Rxe5 35. e4 dxe4 36. Nxe4 Bxe4 37. Rxe4 Rxe4 38. Bxe4 Nd7 39. Bd3 Ne5 40. Bxa6
Rf7 41. Bc4 1-0

[Event "Tradewise Gibraltar Masters 16th"]
[Site "Gibraltar"]
[Date "2018.01.30"]
[Round "8.6"]
[White "Tregubov, Pavel V"]
[Black "Navara, David"]
[Result "1/2-1/2"]
[WhiteElo "2575"]
[BlackElo "2749"]
[PlyCount "102"]
[EventDate "2018.01.23"]
[EventType "swiss"]
[EventRounds "10"]
[EventCountry "GGB"]
[SourceTitle "BritBase"]
[Source "www.saund.co.uk"]
[SourceDate "2018.02.10"]
[SourceVersion "1"]
[SourceVersionDate "2018.02.10"]
[SourceQuality "1"]

1. d4 Nf6 2. c4 e6 3. Nc3 Bb4 4. e3 O-O 5. Bd3 d5 6. a3 Bxc3+ 7. bxc3 dxc4 8.
Bxc4 c5 9. Nf3 Qc7 10. Ba2 b6 11. O-O Nbd7 12. Bb2 Bb7 13. Nd2 Rac8 14. Rc1
Rfd8 15. Qe2 b5 16. c4 bxc4 17. Nxc4 cxd4 18. Bxd4 Qc6 19. f3 Ba6 20. Qb2 Rb8
21. Qa1 Qa4 22. Rfe1 Rdc8 23. Ne5 Rxc1 24. Rxc1 Nxe5 25. Bxe5 Rd8 26. Bd4 Nh5
27. Qb2 Nf4 28. Bb3 Ne2+ 29. Qxe2 Qxd4 30. exd4 Bxe2 31. Rc7 Kf8 32. Kf2 Bb5
33. a4 Be8 34. Rxa7 Rb8 35. Bd1 Rb2+ 36. Ke3 Rxg2 37. Be2 Rxh2 38. a5 Bc6 39.
Rc7 Bd5 40. Rc1 Bb7 41. Rc7 Bd5 42. Rc1 g5 43. a6 Kg7 44. a7 g4 45. fxg4 Rh3+
46. Kf4 Ra3 47. Rc7 h6 48. Rd7 Kf6 49. Bd1 Bh1 50. Be2 Bd5 51. Bd1 Bh1 1/2-1/2

[Event "Tradewise Gibraltar Masters 16th"]
[Site "Gibraltar"]
[Date "2018.01.30"]
[Round "8.7"]
[White "Vitiugov, Nikita"]
[Black "Gledura, Benjamin"]
[Result "1-0"]
[WhiteElo "2732"]
[BlackElo "2612"]
[PlyCount "71"]
[EventDate "2018.01.23"]
[EventType "swiss"]
[EventRounds "10"]
[EventCountry "GGB"]
[SourceTitle "BritBase"]
[Source "www.saund.co.uk"]
[SourceDate "2018.02.10"]
[SourceVersion "1"]
[SourceVersionDate "2018.02.10"]
[SourceQuality "1"]

1. e4 e5 2. Nf3 Nc6 3. Bb5 a6 4. Ba4 Nf6 5. O-O Be7 6. Re1 b5 7. Bb3 O-O 8. c3
d6 9. h3 Bb7 10. d4 Re8 11. Nbd2 exd4 12. cxd4 Nd7 13. Nf1 Na5 14. Bc2 Bf6 15.
Rb1 c5 16. d5 Nc4 17. b3 Nce5 18. N3h2 Bc8 19. Ng3 Ng6 20. Rf1 Nb6 21. Nh5 Bc3
22. f4 f5 23. exf5 Nh4 24. f6 Bxf6 25. Nxf6+ Qxf6 26. Bb2 Qf7 27. f5 Nxd5 28.
Qg4 Ne3 29. Qxh4 Nxc2 30. f6 Ne3 31. Rf2 Bb7 32. Qg3 Re6 33. Re1 Rae8 34. fxg7
Qe7 35. Rxe3 Rxe3 36. Ng4 1-0

[Event "Tradewise Gibraltar Masters 16th"]
[Site "Gibraltar"]
[Date "2018.01.30"]
[Round "8.8"]
[White "Gupta, Abhijeet"]
[Black "Ivanchuk, Vassily"]
[Result "1-0"]
[WhiteElo "2610"]
[BlackElo "2726"]
[PlyCount "67"]
[EventDate "2018.01.23"]
[EventType "swiss"]
[EventRounds "10"]
[EventCountry "GGB"]
[SourceTitle "BritBase"]
[Source "www.saund.co.uk"]
[SourceDate "2018.02.10"]
[SourceVersion "1"]
[SourceVersionDate "2018.02.10"]
[SourceQuality "1"]

1. d4 e6 2. c4 Nf6 3. Nf3 b6 4. a3 Bb7 5. Nc3 d5 6. cxd5 Nxd5 7. Qc2 Nxc3 8.
bxc3 Be7 9. e4 O-O 10. Bd3 c5 11. O-O Qc8 12. Qe2 Ba6 13. Rd1 Bxd3 14. Rxd3 Nd7
15. e5 cxd4 16. cxd4 Re8 17. h4 Qb7 18. Bg5 Bf8 19. Nd2 f6 20. exf6 Nxf6 21.
Bxf6 gxf6 22. Ne4 Qf7 23. Rf3 f5 24. Rg3+ Kh8 25. Ng5 Qd7 26. Qh5 Re7 27. Re1
Qe8 28. Qf3 Rd8 29. d5 Rxd5 30. Nxe6 Rxe6 31. Rg8+ Kxg8 32. Qxd5 Qb5 33. Qxe6+
Kg7 34. Rd1 1-0

[Event "Tradewise Gibraltar Masters 16th"]
[Site "Gibraltar"]
[Date "2018.01.30"]
[Round "8.9"]
[White "Narayanan, SL."]
[Black "Duda, Jan-Krzysztof"]
[Result "1/2-1/2"]
[WhiteElo "2573"]
[BlackElo "2724"]
[PlyCount "98"]
[EventDate "2018.01.23"]
[EventType "swiss"]
[EventRounds "10"]
[EventCountry "GGB"]
[SourceTitle "BritBase"]
[Source "www.saund.co.uk"]
[SourceDate "2018.02.10"]
[SourceVersion "1"]
[SourceVersionDate "2018.02.10"]
[SourceQuality "1"]

1. d4 Nf6 2. c4 g6 3. Nc3 d5 4. cxd5 Nxd5 5. e4 Nxc3 6. bxc3 Bg7 7. Nf3 c5 8.
Be3 Qa5 9. Bd2 O-O 10. Be2 e6 11. O-O Qc7 12. Rc1 Nd7 13. e5 a6 14. h4 b5 15.
h5 Bb7 16. Ng5 Rad8 17. hxg6 hxg6 18. Qe1 Rfe8 19. f4 Nf8 20. Be3 cxd4 21. cxd4
Qd7 22. Bd3 f5 23. Rf2 Bh6 24. Nf3 Rc8 25. Rfc2 Rxc2 26. Rxc2 Rc8 27. Kf2 Nh7
28. Qc1 Bf8 29. Rxc8 Qxc8 30. Qxc8 Bxc8 31. Bc2 Bb7 32. Bb3 Kf7 33. Bd2 Be7 34.
Ne1 Nf8 35. Nc2 Nd7 36. Ba5 Be4 37. Ne3 Ba3 38. d5 Nc5 39. d6 Ke8 40. Ke2 Nxb3
41. axb3 g5 42. g3 g4 43. b4 Bb2 44. Kd2 Bd4 45. Bc7 Kd7 46. Ba5 Kc6 47. Bd8
Kd7 48. Ba5 Kc6 49. Bd8 Kd7 1/2-1/2